000 00706cam a2200145 4500500
005 20251228092827.0
041 _afre
042 _adc
100 1 0 _aGoullet, Monique
_eauthor
245 0 0 _aAnna BENVENUTI, Sofia BŒSCH GAJANO, Simon DITCHFIELD, Roberto RUSCONI, Francesco SCORZA BARCELLONA, Gabriella ZARRI, Storia della santità nel cristianesimo occidentale, Rome, Viella, 2005 ; 1 vol. in-8o, 428 p. (Sacro/santo, nlle sér., 9). ISBN : 9788883341373. Prix : € 28,00.
260 _c2011.
500 _a10
786 0 _nLe Moyen Age | CXVII | 1 | 2011-12-10 | p. 134n-134n | 0027-2841
856 4 1 _uhttps://shs.cairn.info/revue-le-moyen-age-2011-1-page-134n?lang=fr&redirect-ssocas=7080
999 _c1603615
_d1603615